000 00632nam a2200205Ii 4500
003 JO-AjNU
008 230605s9999||||xx |||||||||||||| ||und||
040 _aJO-AjNU
_bara
_erda
_cJO-AjNU
041 _aara
050 1 4 _aBP144.S3.1998
100 3 _aسابق، سيد,
_eauthor
_962253
245 0 0 _aفقه السنة، ج1
250 _aط2
264 3 1 _aبيروت: دار الفكر للطباعة والنشر والتوزيع، 1998
300 _aج1: 590ص
336 _atext
_btxt
_2rdacontent
337 _aunmediated
_bn
_2rdamedia
338 _avolume
_bnc
_2rdacarrier
650 4 _aالفقه الاسلامي
_962254
999 _aA28181
_c31749
_d31749